Statistics for Marvel And DC Characters

Click here to take the quiz!

General Stats

  • This quiz has been taken 92 times
  • The average score is 43 of 52

Answer Stats

HintAnswer% Correct
Natalia (Natasha Romanoff) RomanovaBlack Widow
99%
Steven (Steve) RogersCaptain America
99%
Robert David Bruce BannerHulk
99%
Anthony (Tony) Edward StarkIron Man
99%
Peter Benjamin ParkerSpider-Man
99%
Donald (Thor Odinson) BlakeThor
99%
Bruce WayneBatman
97%
Richard (Dick) Grayson Jr.Robin
97%
Kal-El (Clark Joseph Kent)Superman
97%
James (Logan) HowlettWolverine
97%
Princess Diana (Prince)Wonder Woman
97%
Doctor Stephen StrangeDr. Strange
96%
King T'ChallaBlack Panther
94%
Jean (Phoenix) GreyJean Grey
94%
Wallace (Wally) WestKidflash
94%
Charles (Chuck) XavierProfessor X
94%
Bartholomew (Barry) Henry AllenThe Flash
94%
Wanda MaximoffScarlet Witch
93%
Edwin (Vision) JarvisVision
93%
Oliver (Ollie) QueenGreen Arrow
91%
Piatro (Peter) MaximoffQuicksilver
91%
William (Billy) BatsonShazam
91%
Carol (Vers) DanversCaptain Marvel
90%
Hal JordanGreen Lantern
90%
Reed RichardsMr. Fantastic
90%
Susan (Sue) Storm-RichardsInvisible Woman
89%
Ororo MunroeStorm
89%
Doctor Henry (Hank) McCoyBeast
87%
Wade W. WilsonDeadpool
87%
Benjamin GrimmThe Thing
87%
Kara Zor-El (Danvers)Supergirl
86%
Samuel (Sam) Thomas WilsonFalcon
84%
Scott SummersCyclops
83%
John (Johnny) StormHuman Torch
83%
J'onn J'onzz (John Jones)Martian Manhunter
76%
Victor (Vic) StoneCy-Borg
74%
Con-El (Connor Kent)Superboy
74%
Dinah Laurel Drake LanceBlack Canary
70%
Artemis CrockArtemis
67%
Robert (Bobby) DrakeIceman
67%
Roy (William) HarperRed Arrow
67%
Raymond (Ray) PalmerThe Atom
67%
Prince H'ol (Carter Hall)Hawkman
66%
Garfield (Gar) LoganBeast Boy
64%
Princess Shiyera (Kendra Saunders)Hawkgirl
64%
K'oriandra (Kory Anders)Starfire
64%
Ronald (Ronnie) RaymondFirestorm
54%
M'gann M'orzz (Meghan)Miss Martian
54%
Kal Dor-Ahm (Jackson Hyde)Aqualad
53%
Norrin RaddSilver Surfer
50%
John Henry IronsSteel
39%
Courtney WhitmoreStargirl
37%

Score Distribution

Percentile by Number Answered

Percent of People with Each Score

Your Score History

You have not taken this quiz